La civilización del Egipto faraónico / (Record no. 111928)

MARC details
000 -LEADER
campo de control de longitud fija 01006cam a2200325Ii 4500
001 - NÚMERO DE CONTROL
campo de control 94340
005 - FECHA Y HORA DE LA ÚLTIMA TRANSACCIÓN
campo de control 20230411090052.0
008 - DATOS DE LONGITUD FIJA--INFORMACIÓN GENERAL
campo de control de longitud fija 790608s1972 sp ab b 000 0 spa d
035 ## - NÚMERO DE CONTROL DEL SISTEMA
Número de control de sistema (OCoLC)ocm05049099
040 ## - FUENTE DE CATALOGACIÓN
Centro catalogador/agencia de origen PRW
Centro/agencia transcriptor PRW
Centro/agencia modificador OCL
035 ## - NÚMERO DE CONTROL DEL SISTEMA
Número de control de sistema (OCoLC)5049099
041 1# - CÓDIGO DE IDIOMA
Código de lengua del texto/banda sonora o título independiente spa
Código de lengua original fre
043 ## - CÓDIGO DE ÁREA GEOGRÁFICA
Código de área geográfica f-ua---
045 ## - PERIODO DE TIEMPO DEL CONTENIDO
Código de periodo de tiempo a-d6
090 ## - LOCALMENTE ASIGNADO TIPO-LC NÚMERO DE CLASIFICACIÓN (OCLC); NÚMERO DE CLASIFICACIÓN LOCAL (RLIN)
Número de clasificación (OCLC) (R) ; Numero de clasificación, CALL (RLIN) (NR) DT85
Número cutter local (OCLC) ; Número de libro/Signatura topográfica íntegra, CALL (RLIN) .D3818
049 ## - FONDOS LOCALES (OCLC)
Biblioteca depositaria GRAL
100 1# - ENTRADA PRINCIPAL--NOMBRE DE PERSONA
Nombre de persona Daumas, Franðcois.
240 10 - TÍTULO UNIFORME
Título uniforme Civilisation de l'Egypte pharonique.
Lenguaje de la obra Spanish
245 13 - MENCIÓN DEL TÍTULO
Título La civilización del Egipto faraónico /
Mención de responsabilidad, etc. Francois Daumas ; traducción de H. Pardellans.
250 ## - MENCION DE EDICION
Mención de edición 1. ed.
260 ## - PUBLICACIÓN, DISTRIBUCIÓN, ETC.
Lugar de publicación, distribución, etc. Barcelona :
Nombre del editor, distribuidor, etc. Editorial Juventud,
Fecha de publicación, distribución, etc. 1972.
300 ## - DESCRIPCIÓN FÍSICA
Extensión 683, [176] p. :
Otras características físicas ill. (part col.), maps (part fold.) ;
Dimensiones 23 cm.
490 0# - MENCIÓN DE SERIE
Mención de serie Las grandes civilizaciones
500 ## - NOTA GENERAL
Nota general Translation of La civilization de l'Egypte pharonique.
504 ## - NOTA DE BIBLIOGRAFÍA, ETC.
Nota de bibliografía, etc. Bibliography: p. 655-[663].
651 #0 - PUNTO DE ACCESO ADICIONAL DE MATERIA--NOMBRE GEOGRÁFICO
Nombre geográfico Egypt
Subdivisión general History
Subdivisión cronológica To 332 B.C.
942 ## - ELEMENTOS DE ENTRADA SECUNDARIOS (KOHA)
Fuente del sistema de clasificación o colocación Clasificación de Library of Congress
Tipo de ítem Koha
994 ## -
-- C0
-- DRFGD
946 ## - PROCESAMIENTO DE INFORMACIÓN LOCAL (OCLC)
a JP
Holdings
Estatus retirado Estado de pérdida Fuente del sistema de clasificación o colocación Estado de daño No para préstamo Colección Biblioteca de origen Biblioteca actual Ubicación en estantería Fecha de adquisición Código de barras Visto por última vez Copia número Tipo de ítem Koha
    Clasificación de Library of Congress     Automatización y Procesos Técnicos Biblioteca Juan Bosch Biblioteca Juan Bosch Automatización y Procesos Técnicos (1er. Piso) 11/04/2023 00000086159 17/02/2019 1